ՀՀ Գիտությունների ազգային ակադեմիայի հիմնարար գիտական գրադարան  =   Fundamental Scientific Library of NAS RA

Карагандинский экономический административный район : (Record no. 482751)

MARC details
000 -LEADER
fixed length control field 01067nam a2200217 a 4500
001 - CONTROL NUMBER
control field 001009414
003 - CONTROL NUMBER IDENTIFIER
control field AM-YeHGA
005 - DATE AND TIME OF LATEST TRANSACTION
control field 20250617162103.0
008 - FIXED-LENGTH DATA ELEMENTS--GENERAL INFORMATION
fixed length control field 140325s1959 kz r 000 0 rus d
040 ## - CATALOGING SOURCE
Original cataloging agency AM-YeHGA
041 0# - LANGUAGE CODE
Language code of text/sound track or separate title rus
090 ## - LOCALLY ASSIGNED LC-TYPE CALL NUMBER (OCLC); LOCAL CALL NUMBER (RLIN)
-- 486102
245 00 - TITLE STATEMENT
Title Карагандинский экономический административный район :
Remainder of title Библиографический указатель литературы /
Statement of responsibility, etc. Сост. Э.И. Иванчикова, М.Т. Колесникова и др.; АН КазССР Центр. науч. б-ка.
260 ## - PUBLICATION, DISTRIBUTION, ETC.
Place of publication, distribution, etc. Алма-Ата :
Name of publisher, distributor, etc. Изд-во АН КазССР,
Date of publication, distribution, etc. 1959.
300 ## - PHYSICAL DESCRIPTION
Extent 459 с. ;
Dimensions 22 см.
546 ## - LANGUAGE NOTE
Language note Парал. тит. л. и обл. параллельно на рус. и каз. яз.
650 14 - SUBJECT ADDED ENTRY--TOPICAL TERM
Topical term or geographic name entry element Отраслевые библиографии
700 1# - ADDED ENTRY--PERSONAL NAME
Personal name Иванчикова, Э.И.
Relator term сост.
Relationship com
700 1# - ADDED ENTRY--PERSONAL NAME
Personal name Колесникова, М.Т.
Relator term сост.
Relationship com
710 2# - ADDED ENTRY--CORPORATE NAME
Corporate name or jurisdiction name as entry element Центральная научная библиотека АН КазССР
Holdings
Withdrawn status Lost status Source of classification or shelving scheme Damaged status Not for loan Collection Home library Current library Date acquired Total checkouts Full call number Barcode Date last seen Price effective from Koha item type Public note
    Universal Decimal Classification     General Fundamental Scientific Library Fundamental Scientific Library 20/06/2019   PII/6269 FL0587990 20/06/2019 20/06/2019 Գրքեր / Books 30 Days Loan
    Universal Decimal Classification     General Fundamental Scientific Library Fundamental Scientific Library 04/11/2019   PII/22142 FL0607645 04/11/2019 04/11/2019 Գրքեր / Books 30 Days Loan


ՀՀ ԳԱԱ հիմնարար գիտական գրադարան
ՀՀ,Երևան 0019
Մարշալ Բաղրամյան 24/6
հեռախոս:(374-10) 52-47-50
Հետադարձ կապ

All site content, except where otherwise noted, is licensed under a
Creative Commons License